000 00753aam a2200265 4500
005 20260407155139.0
008 150721b1995 xxu||||| |||| 00| 0 spa d
020 _a8480022809
041 _aESP
082 _a364.4 G241p
100 _aGarrido Genoves, Vicente
100 _aLópez Latorre, María Jesús
_914913
245 _aLa prevención de la delincuencia: el enfoque de la competencia social
260 _aEspaña
260 _bTirant lo Blanch
260 _c1995
300 _a404 páginas
490 _aInvestigación Criminal
650 _aPREVENCIÓN DE LA DELINCUENCIA
650 _aPREVENCIÓN DEL DELITO
650 _aCOMPETENCIA SOCIAL
650 _aPEDAGOGÍA SOCIAL
650 _aCONDUCTA ANTISOCIAL
942 _cBK
_2ddc
999 _c126
_d126